[Event "18 Torneo San Viator"]
[Site "Madrid ESP"]
[Date "2012.04.22"]
[Round "4.15"]
[White "Ramos Pinto, Jose Maria"]
[Black "Ruiz Escobar, Israel"]
[Result "1-0"]
[WhiteElo "1593"]
[BlackElo "1821"]
[PlyCount "107"]
[EventDate "2012.03.25"]
[EventType "swiss"]
[EventRounds "9"]
[EventCountry "ESP"]
[Source "lmi"]
[SourceDate "2012.03.25"]

1. Nf3 d5 2. d4 Nf6 3. g3 e6 4. c4 a6 5. Nc3 Bb4 6. Qa4+ Nc6 7. Ne5 Bxc3+ 8.
bxc3 Bd7 9. Nxd7 Qxd7 10. Bg2 O-O 11. Rb1 b5 12. cxb5 axb5 13. Qxb5 Rfb8 14.
Qd3 Rxa2 15. Rxb8+ Nxb8 16. Qb1 Ra8 17. O-O Qa4 18. Bf4 Ne8 19. e4 Qc6 20. Rc1
Nd6 21. exd5 exd5 22. Bxd6 Qxd6 23. Qb7 Qa3 24. Re1 Nd7 25. Bxd5 Ra5 26. Qc8+
Nf8 27. Qf5 Rxd5 28. Qxd5 Qxc3 29. Re8 Qa1+ 30. Kg2 Qa3 31. Qd8 Qb4 32. d5 g6
33. Qxc7 Kg7 34. d6 Ne6 35. Rxe6 Qb3 36. Re7 Qd5+ 37. Kf1 Qd3+ 38. Ke1 Qb1+ 39.
Ke2 Qb5+ 40. Kd2 Qd5+ 41. Ke3 Qb3+ 42. Kf4 g5+ 43. Kxg5 Qd5+ 44. Kh4 Qd4+ 45.
f4 Qf6+ 46. Kg4 h5+ 47. Kxh5 Qg6+ 48. Kh4 Kh6 49. g4 Qb1 50. d7 Qb2 51. Qd6+
Kg7 52. Qe5+ Qxe5 53. fxe5 Kg6 54. d8=Q 1-0

[Event "18 Torneo San Viator"]
[Site "Madrid ESP"]
[Date "2012.04.22"]
[Round "4.16"]
[White "Andres Rodriguez, Florencio"]
[Black "Alonso Herrero, Ignacio"]
[Result "0-1"]
[WhiteElo "1583"]
[BlackElo "1809"]
[PlyCount "64"]
[EventDate "2012.03.25"]
[EventType "swiss"]
[EventRounds "9"]
[EventCountry "ESP"]
[Source "lmi"]
[SourceDate "2012.03.25"]

1. Nf3 b6 2. g3 Bb7 3. Bg2 e6 4. d4 c5 5. c3 cxd4 6. cxd4 Bb4+ 7. Nc3 Nf6 8.
O-O O-O 9. a3 Be7 10. Bf4 d6 11. Qd3 Nd5 12. Nxd5 Bxd5 13. e4 Bb7 14. Rfe1 Nd7
15. Rac1 Rc8 16. Rc3 Nf6 17. Rxc8 Qxc8 18. Rc1 Qd7 19. e5 Nd5 20. Bd2 f5 21.
Ng5 dxe5 22. dxe5 Rc8 23. Rxc8+ Qxc8 24. Qb3 h6 25. Nh3 Qc7 26. Nf4 Qxe5 27.
Ng6 Qf6 28. Nxe7+ Qxe7 29. Bf4 Qc5 30. Be3 Qc7 31. Bf4 Nxf4 32. Bxb7 Qc1+ 0-1

[Event "18 Torneo San Viator"]
[Site "Madrid ESP"]
[Date "2012.04.22"]
[Round "4.17"]
[White "Barahona Torrijos, Angel"]
[Black "Mateos Cordero, Francisco"]
[Result "1-0"]
[WhiteElo "1904"]
[BlackElo "1491"]
[PlyCount "49"]
[EventDate "2012.03.25"]
[EventType "swiss"]
[EventRounds "9"]
[EventCountry "ESP"]
[Source "lmi"]
[SourceDate "2012.03.25"]

1. e4 c5 2. a3 Nc6 3. b4 cxb4 4. axb4 Nxb4 5. Ra4 Nc6 6. d4 d5 7. exd5 Qxd5 8.
Nc3 Qd6 9. Nb5 Qb8 10. d5 Bd7 11. dxc6 Bxc6 12. Bf4 e5 13. Be3 a6 14. Qa1 Nf6
15. Nf3 Nd7 16. Bc4 Be7 17. Ra2 O-O 18. Nc3 Bb5 19. O-O e4 20. Ng5 Ne5 21. Bb3
Ng4 22. g3 Ne5 23. Nd5 Qd8 24. Qxe5 Bd6 25. Qxe4 1-0

[Event "18 Torneo San Viator"]
[Site "Madrid ESP"]
[Date "2012.04.22"]
[Round "4.20"]
[White "Rendo Quiros, Pedro"]
[Black "Yaniz Lana, Francisco Javier"]
[Result "0-1"]
[WhiteElo "1643"]
[BlackElo "1664"]
[PlyCount "89"]
[EventDate "2012.03.25"]
[EventType "swiss"]
[EventRounds "9"]
[EventCountry "ESP"]
[Source "lmi"]
[SourceDate "2012.03.25"]

1. d4 Nf6 2. c4 c5 3. e3 g6 4. Nf3 Bg7 5. Be2 cxd4 6. exd4 O-O 7. O-O d5 8.
cxd5 Nxd5 9. Nc3 Nc6 10. Nxd5 Qxd5 11. Be3 Rd8 12. Qc2 Bf5 13. Qc4 Nxd4 14.
Nxd4 Bxd4 15. Bxd4 Qxc4 16. Bxc4 Rxd4 17. b3 Rad8 18. Rac1 a6 19. a4 Bd3 20.
Rfe1 Bxc4 21. Rxc4 Rxc4 22. bxc4 Rd4 23. Rc1 Kf8 24. Kf1 Ke8 25. Ke2 Kd7 26.
Rd1 Rxd1 27. Kxd1 f5 28. f4 h6 29. g3 g5 30. Ke2 Kd6 31. Ke3 b6 32. Kd4 g4 33.
Kd3 Kc5 34. Kc3 a5 35. Kd3 Kb4 36. Kd4 Kxa4 37. Ke5 Kb4 38. Kxf5 a4 39. Ke6 a3
40. f5 a2 41. Kxe7 a1=Q 42. f6 Qe5+ 43. Kf7 Kxc4 44. Kg7 Qg5+ 45. Kf7 0-1

[Event "18 Torneo San Viator"]
[Site "Madrid ESP"]
[Date "2012.04.22"]
[Round "4.22"]
[White "Jimenez Perez, Federico"]
[Black "Cabanas Bravo, Juan Andres"]
[Result "0-1"]
[WhiteElo "1282"]
[BlackElo "2092"]
[PlyCount "109"]
[EventDate "2012.03.25"]
[EventType "swiss"]
[EventRounds "9"]
[EventCountry "ESP"]
[Source "lmi"]
[SourceDate "2012.03.25"]

1. Nf3 Nf6 2. d4 g6 3. Bf4 Bg7 4. e3 O-O 5. Bd3 d5 6. Nc3 Nbd7 7. O-O c5 8. Re1
c4 9. Be2 Qb6 10. Rb1 Qa5 11. Qd2 Qa6 12. Bf1 b5 13. e4 Nb6 14. Bh6 Bb7 15.
Bxg7 Kxg7 16. e5 Ng8 17. Qf4 b4 18. Ne2 Qxa2 19. Ng3 Qa4 20. h4 Bc8 21. h5 Qd7
22. e6 Qe8 23. Nf5+ gxf5 24. Qxf5 h6 25. Re5 Bxe6 26. Qf4 Nd7 27. Qg3+ Kh8 28.
Re3 Bf5 29. Rbe1 f6 30. Nh4 Bxc2 31. Ng6+ Bxg6 32. hxg6 Kg7 33. Be2 e5 34. Rd1
e4 35. Qd6 Nb6 36. Qxb4 f5 37. f4 Qxg6 38. Kf2 Qf6 39. Rg3+ Kh8 40. Rh1 Qxd4+
41. Kf1 Qf6 42. Bh5 Qd4 43. Qd6 Rf6 44. Rxg8+ Rxg8 45. Qe5 Qxe5 46. fxe5 Re6
47. Bf7 Rxe5 48. Bxg8 Kxg8 49. Rxh6 d4 50. Rd6 Rd5 51. Rxd5 Nxd5 52. Ke2 f4 53.
g4 fxg3 54. Kf1 Nf4 55. Kg1 0-1

[Event "18 Torneo San Viator"]
[Site "Madrid ESP"]
[Date "2012.04.22"]
[Round "4.23"]
[White "Escanciano Reyero, Daniel"]
[Black "Gutierrez Mordini, Pablo"]
[Result "0-1"]
[WhiteElo "1756"]
[BlackElo "1735"]
[PlyCount "64"]
[EventDate "2012.03.25"]
[EventType "swiss"]
[EventRounds "9"]
[EventCountry "ESP"]
[Source "lmi"]
[SourceDate "2012.03.25"]

1. e4 e5 2. Nf3 Nf6 3. Bc4 Bc5 4. d3 Nc6 5. Bg5 O-O 6. Nbd2 h6 7. Bh4 d6 8. h3
Be6 9. Bxe6 fxe6 10. g4 Qe8 11. g5 hxg5 12. Nxg5 Nh5 13. Nxe6 Qxe6 14. Qxh5 Qf7
15. Qxf7+ Rxf7 16. a3 Raf8 17. f3 Nd4 18. O-O-O Nxf3 19. Nxf3 Rxf3 20. Bg5 Be3+
21. Bxe3 Rxe3 22. h4 Ref3 23. h5 Kh7 24. Rh2 Rf2 25. Rd2 R2f3 26. Kd1 R8f6 27.
c4 a5 28. b4 a4 29. b5 Rf1+ 30. Kc2 Ra1 31. d4 exd4 32. Rxd4 Ra2+ 0-1

[Event "18 Torneo San Viator"]
[Site "Madrid ESP"]
[Date "2012.04.22"]
[Round "4.24"]
[White "Franco Rincon, David"]
[Black "Jimenez Sanchez, Juan Daniel"]
[Result "1-0"]
[WhiteElo "1696"]
[BlackElo "1420"]
[PlyCount "50"]
[EventDate "2012.03.25"]
[EventType "swiss"]
[EventRounds "9"]
[EventCountry "ESP"]
[Source "lmi"]
[SourceDate "2012.03.25"]

1. e4 c5 2. Nc3 d6 3. g3 Nf6 4. Bg2 e5 5. d3 a6 6. f4 Bg4 7. Nf3 exf4 8. Bxf4
Nc6 9. Qd2 Nd4 10. O-O Be7 11. e5 Nh5 12. exd6 Nxf4 13. dxe7 Nde2+ 14. Nxe2
Nxe2+ 15. Qxe2 Qb6 16. Qe4 Be6 17. Ng5 Qxb2 18. Nxe6 fxe6 19. Rab1 Qd4+ 20.
Qxd4 cxd4 21. Rxb7 Rc8 22. Bh3 Rxc2 23. Rb8+ Kxe7 24. Rxh8 h6 25. Re1 Rc6 1-0

[Event "18 Torneo San Viator"]
[Site "Madrid ESP"]
[Date "2012.04.22"]
[Round "4.25"]
[White "Gil Calvente, Jose Antonio"]
[Black "Bermejo Jimenez, Adolfo"]
[Result "1-0"]
[WhiteElo "1677"]
[BlackElo "1812"]
[PlyCount "63"]
[EventDate "2012.03.25"]
[EventType "swiss"]
[EventRounds "9"]
[EventCountry "ESP"]
[Source "lmi"]
[SourceDate "2012.03.25"]

1. e4 c6 2. d4 d5 3. Nc3 dxe4 4. Nxe4 Bf5 5. Ng3 Bg6 6. Nf3 Nd7 7. h4 h6 8. Bd3
Bxd3 9. Qxd3 Qc7 10. Bd2 e6 11. O-O-O Ngf6 12. c4 O-O-O 13. Kb1 Bd6 14. Ne4
Nxe4 15. Qxe4 Nf6 16. Qe2 Rhe8 17. c5 Be7 18. Rhe1 Nd5 19. g3 Bf6 20. Qe4 Re7
21. g4 g6 22. Bxh6 Qa5 23. Bg5 Qb5 24. Rd3 Bxg5 25. hxg5 Nf4 26. Rb3 Qa5 27.
Qxf4 Red7 28. Rd1 Qa6 29. Rbd3 Qc4 30. Ne5 Rxd4 31. Rxd4 Rxd4 32. Qxd4 1-0

[Event "18 Torneo San Viator"]
[Site "Madrid ESP"]
[Date "2012.04.22"]
[Round "4.26"]
[White "Moreno Sanchez, Guillermo"]
[Black "San Felipe Gonzalez, Tomas"]
[Result "1-0"]
[WhiteElo "1649"]
[BlackElo "1801"]
[PlyCount "99"]
[EventDate "2012.03.25"]
[EventType "swiss"]
[EventRounds "9"]
[EventCountry "ESP"]
[Source "lmi"]
[SourceDate "2012.03.25"]

1. d4 Nf6 2. c4 g6 3. Nc3 d5 4. Nf3 Bg7 5. e3 O-O 6. Be2 dxc4 7. Bxc4 c5 8. O-O
Nc6 9. dxc5 Qa5 10. Na4 Rd8 11. Qb3 e6 12. Bb5 Bd7 13. Bd2 Qc7 14. Nd4 Ng4 15.
Nf3 a6 16. Be2 Ne7 17. Rac1 Bc6 18. g3 Qd7 19. Nb6 Qe8 20. Nxa8 Rxa8 21. Bc3 f6
22. Nd4 Bd5 23. Qb6 Nc8 24. Qb4 Ne5 25. f4 Nc6 26. Qa4 b5 27. cxb6 Nxb6 28. Qd1
Nc4 29. Bxc4 Bxc4 30. Rf2 Rd8 31. Qa4 Bb5 32. Nxb5 axb5 33. Qxb5 Rd5 34. Qb7
Rd7 35. Qb6 e5 36. Rfc2 Ne7 37. Bb4 h5 38. Qe6+ Kh7 39. Rc8 Qxc8 40. Rxc8 Rd1+
41. Kf2 Nxc8 42. Qxc8 exf4 43. exf4 Kh6 44. Ke2 Rg1 45. Bc3 Rg2+ 46. Kf3 Rxh2
47. Qe6 h4 48. gxh4 Rxh4 49. Bxf6 Rh3+ 50. Qxh3# 1-0

[Event "18 Torneo San Viator"]
[Site "Madrid ESP"]
[Date "2012.05.06"]
[Round "5.1"]
[White "Aguado Solana, Juan"]
[Black "Iturbide Arnedo, Oscar"]
[Result "1-0"]
[WhiteElo "2060"]
[BlackElo "2131"]
[PlyCount "62"]
[EventDate "2012.03.25"]
[EventType "swiss"]
[EventRounds "9"]
[EventCountry "ESP"]
[Source "lmi"]
[SourceDate "2012.03.25"]

1. d4 g6 2. e4 Bg7 3. Nf3 d6 4. Nc3 a6 5. Bc4 e6 6. Qe2 Ne7 7. Be3 Nd7 8. h4 h6
9. O-O-O b5 10. Bb3 Bb7 11. d5 e5 12. Ne1 f5 13. exf5 Nxf5 14. Qg4 Qf6 15. Ne4
Qf7 16. h5 g5 17. Rh3 Nxe3 18. fxe3 Nf6 19. Nxf6+ Bxf6 20. Rf3 O-O 21. c3 Bc8
22. Qe4 Qh7 23. Qb4 a5 24. Qxb5 Bg4 25. Bc2 Qg7 26. Bf5 Bxh5 27. g4 e4 28. Be6+
Bf7 29. Rf2 Bxe6 30. dxe6 Be5 31. Rdd2 Bg3 1-0

[Event "18 Torneo San Viator"]
[Site "Madrid ESP"]
[Date "2012.05.06"]
[Round "5.2"]
[White "Sanchez Obregon, Diego"]
[Black "De La Horra Del Barco, Ricardo"]
[Result "1/2-1/2"]
[WhiteElo "2042"]
[BlackElo "2055"]
[PlyCount "22"]
[EventDate "2012.03.25"]
[EventType "swiss"]
[EventRounds "9"]
[EventCountry "ESP"]
[Source "lmi"]
[SourceDate "2012.03.25"]

1. e4 c6 2. d4 d5 3. Nc3 dxe4 4. Nxe4 Bf5 5. Ng3 Bg6 6. Bc4 e6 7. N1e2 Bd6 8.
Bf4 Nf6 9. O-O O-O 10. Qd2 Qc7 11. Rad1 Nbd7 1/2-1/2

[Event "18 Torneo San Viator"]
[Site "Madrid ESP"]
[Date "2012.05.06"]
[Round "5.3"]
[White "Julian Serra, Rogelio"]
[Black "Gomez Dorado, Ernesto"]
[Result "1-0"]
[WhiteElo "2042"]
[BlackElo "1648"]
[PlyCount "93"]
[EventDate "2012.03.25"]
[EventType "swiss"]
[EventRounds "9"]
[EventCountry "ESP"]
[Source "lmi"]
[SourceDate "2012.03.25"]

1. c4 e5 2. g3 Nc6 3. Bg2 Bc5 4. Nc3 a6 5. d3 d6 6. Nf3 Ba7 7. Nd5 Nge7 8. Bd2
Nxd5 9. cxd5 Ne7 10. Qb3 O-O 11. Rc1 c6 12. e4 cxd5 13. exd5 Qb6 14. Qxb6 Bxb6
15. Bb4 Rd8 16. Nd2 Bf5 17. Be4 Bd4 18. b3 b5 19. O-O a5 20. Rc7 axb4 21. Rxe7
Bh3 22. Bg2 Bxg2 23. Kxg2 Rxa2 24. Nf3 Bc5 25. Ng5 h6 26. Ne4 f5 27. Nxc5 dxc5
28. Rxe5 Rd2 29. Rc1 Rxd3 30. Rxc5 Rxb3 31. Rxb5 Rd3 32. Rxf5 b3 33. Rf3 R3xd5
34. Rbxb3 R8d7 35. h4 h5 36. Rf4 Kh7 37. Rbf3 g6 38. Rf7+ Rxf7 39. Rxf7+ Kh6
40. Kf3 Ra5 41. Re7 Rb5 42. Ke3 Ra5 43. f3 Rb5 44. g4 hxg4 45. fxg4 Rb4 46. Kf3
Ra4 47. g5+ 1-0

[Event "18 Torneo San Viator"]
[Site "Madrid ESP"]
[Date "2012.05.06"]
[Round "5.5"]
[White "Alonso Herrero, Ignacio"]
[Black "Vallejo Nuno, Jorge"]
[Result "0-1"]
[WhiteElo "1809"]
[BlackElo "2068"]
[PlyCount "154"]
[EventDate "2012.03.25"]
[EventType "swiss"]
[EventRounds "9"]
[EventCountry "ESP"]
[Source "lmi"]
[SourceDate "2012.03.25"]

1. e4 e5 2. Bc4 Nf6 3. d4 Nxe4 4. dxe5 c6 5. Bxf7+ Kxf7 6. Qf3+ Nf6 7. exf6
Qxf6 8. Nc3 Bb4 9. Qxf6+ gxf6 10. Nge2 d5 11. Bd2 Rg8 12. O-O Bf5 13. a3 Bd6
14. Rac1 Nd7 15. Ng3 Be6 16. Nce2 Nb6 17. Nd4 Bd7 18. Ndf5 Bf8 19. Nh6+ Bxh6
20. Bxh6 Nc4 21. f3 b6 22. Rb1 Rae8 23. Kf2 c5 24. Bc1 Ne5 25. b3 d4 26. Ne4
Re6 27. Bd2 Bc6 28. Ng3 Kg6 29. Ne2 Re7 30. Nf4+ Kf7 31. Ne2 d3 32. Nf4 dxc2
33. Rbc1 Bb5 34. Rfe1 Nd3+ 35. Nxd3 Bxd3 36. Rxe7+ Kxe7 37. g4 b5 38. b4 c4 39.
Be3 a6 40. Ke1 h5 41. h3 hxg4 42. hxg4 Rh8 43. Kf2 Rh2+ 44. Kg3 Re2 45. Bf4 Ke6
46. g5 fxg5 47. Bxg5 Kf5 48. Bf4 Re6 49. Bd2 Re2 50. Bc3 Kg5 51. Rh1 Bg6 52.
Rc1 Kf5 53. Rh1 Re3 54. Bb2 Rb3 55. Bc1 Rb1 56. Kf2 Ke5 57. Ke3 Rb3+ 58. Ke2
Rb1 59. Kd2 Kd4 60. Rh4+ Kd5 61. Rh1 Kd4 62. Rh4+ Ke5 63. Rh1 Bd3 64. Rh4 Bf5
65. Rh1 Rb3 66. Re1+ Kd5 67. Ke2 Rd3 68. Rh1 Kd4 69. Bb2+ c3 70. Bc1 Kc4 71.
Be3 Kb3 72. Bc1 Rd6 73. Rg1 Bd3+ 74. Kf2 Bc4 75. Bf4 Rd1 76. Bc1 Rxc1 77. Rxc1
Kb2 0-1

[Event "18 Torneo San Viator"]
[Site "Madrid ESP"]
[Date "2012.05.06"]
[Round "5.6"]
[White "Rodriguez Diaz, Alberto Jose"]
[Black "Magan Gonzalez, Alberto"]
[Result "1-0"]
[WhiteElo "1979"]
[BlackElo "1828"]
[PlyCount "71"]
[EventDate "2012.03.25"]
[EventType "swiss"]
[EventRounds "9"]
[EventCountry "ESP"]
[Source "lmi"]
[SourceDate "2012.03.25"]

1. e4 c5 2. c4 Nc6 3. Nc3 d6 4. Nge2 g6 5. d3 Bg7 6. Ng3 e6 7. Be2 Nge7 8. f4
a6 9. O-O Rb8 10. a4 Nd4 11. Bg4 f5 12. exf5 exf5 13. Bf3 O-O 14. Nd5 Nxf3+ 15.
Qxf3 Bd7 16. Nxe7+ Qxe7 17. Qd1 Rfe8 18. Ra2 b5 19. axb5 axb5 20. b3 Bc6 21.
Bb2 Qe3+ 22. Kh1 Bxb2 23. Rxb2 Qd4 24. Re2 Rxe2 25. Nxe2 Qb2 26. d4 Re8 27. d5
Bd7 28. Ng1 bxc4 29. bxc4 Qc3 30. Qc1 Qb4 31. Nf3 Re4 32. Nd2 Re2 33. Nf3 Ba4
34. Ng5 Rc2 35. Qe3 Bd7 36. Qe7 1-0

[Event "18 Torneo San Viator"]
[Site "Madrid ESP"]
[Date "2012.05.06"]
[Round "5.7"]
[White "Cuadrado Lopez, Francisco Javie"]
[Black "Tolosana Esteban, Enrique"]
[Result "1-0"]
[WhiteElo "1970"]
[BlackElo "1743"]
[PlyCount "121"]
[EventDate "2012.03.25"]
[EventType "swiss"]
[EventRounds "9"]
[EventCountry "ESP"]
[Source "lmi"]
[SourceDate "2012.03.25"]

1. Nf3 Nf6 2. g3 g6 3. Bg2 Bg7 4. O-O O-O 5. d3 d6 6. c3 c5 7. Nbd2 Qc7 8. Re1
b6 9. e4 Bb7 10. a4 Nc6 11. Nc4 Nd7 12. Bg5 h6 13. Bd2 Nce5 14. Ncxe5 Nxe5 15.
Nxe5 dxe5 16. Qc1 h5 17. c4 Rad8 18. Bf1 Qd7 19. b4 f5 20. Bh6 f4 21. Bxg7 Kxg7
22. bxc5 bxc5 23. Qb2 Qc7 24. Ra3 f3 25. Rb1 Bc6 26. Rb3 g5 27. a5 g4 28. Qc1
Kg6 29. Qa3 Ba8 30. Rb5 Rc8 31. a6 Rf6 32. h3 Rc6 33. h4 Qd6 34. Qc1 Qf6 35.
Rb8 Kf7 36. R1b5 R6c7 37. Qb2 Rxb8 38. Rxb8 Bc6 39. Rd8 Rd7 40. Qb8 Rxd8 41.
Qxd8 Be8 42. Qd5+ Qe6 43. Qxc5 Qxa6 44. Qxe5 Qf6 45. Qxh5+ Kf8 46. Qc5 Qa1 47.
d4 a5 48. Qf5+ Bf7 49. e5 e6 50. Qf4 Ke8 51. Qxg4 a4 52. Qxf3 a3 53. Qa8+ Ke7
54. d5 exd5 55. cxd5 a2 56. d6+ Kd7 57. Qb7+ Ke6 58. Qe7+ Kd5 59. Qxf7+ Kc6 60.
Qc7+ Kd5 61. d7 1-0

[Event "18 Torneo San Viator"]
[Site "Madrid ESP"]
[Date "2012.05.06"]
[Round "5.8"]
[White "Sanchez Lopez, Maria"]
[Black "Munoz Manzano, Jose Manuel"]
[Result "1-0"]
[WhiteElo "1799"]
[BlackElo "1911"]
[PlyCount "103"]
[EventDate "2012.03.25"]
[EventType "swiss"]
[EventRounds "9"]
[EventCountry "ESP"]
[Source "lmi"]
[SourceDate "2012.03.25"]

1. d4 d5 2. c4 c6 3. Nf3 Nf6 4. Nc3 e6 5. Bg5 h6 6. Bxf6 Qxf6 7. e3 g6 8. Bd3
Bg7 9. O-O O-O 10. Rc1 Nd7 11. b4 dxc4 12. Bxc4 e5 13. d5 Nb6 14. Ne4 Qd8 15.
dxc6 bxc6 16. Qb3 Ba6 17. Rfe1 Qe7 18. Nc5 Bc8 19. Qc2 Bg4 20. Qe4 Bxf3 21.
Qxf3 Rac8 22. Red1 Kh7 23. a4 f5 24. a5 e4 25. Qe2 Nd5 26. Bxd5 cxd5 27. Rxd5
Rfd8 28. Qd2 f4 29. Rd1 Rxd5 30. Qxd5 fxe3 31. fxe3 Qh4 32. Rf1 Rf8 33. Rxf8
Bxf8 34. Qf7+ Bg7 35. Qf2 Qg4 36. Qd2 Kh8 37. Qd8+ Kh7 38. Qd2 Kh8 39. h3 Qf5
40. Qc2 Bf8 41. Nxe4 Qe5 42. Qc4 Qa1+ 43. Kf2 Qb2+ 44. Kf3 Bxb4 45. Qc8+ Kg7
46. Qd7+ Kf8 47. Qxa7 Be7 48. a6 Qb5 49. Qa8+ Kf7 50. Ng3 Qb6 51. Qb7 Qf6+ 52.
Ke2 1-0

[Event "18 Torneo San Viator"]
[Site "Madrid ESP"]
[Date "2012.05.06"]
[Round "5.10"]
[White "Bermejo Redondo, Oscar"]
[Black "Ramos Pinto, Jose Maria"]
[Result "1-0"]
[WhiteElo "1883"]
[BlackElo "1593"]
[PlyCount "79"]
[EventDate "2012.03.25"]
[EventType "swiss"]
[EventRounds "9"]
[EventCountry "ESP"]
[Source "lmi"]
[SourceDate "2012.03.25"]

1. e4 e5 2. Nf3 Nf6 3. Nc3 Nc6 4. Bc4 Bc5 5. O-O O-O 6. d3 d6 7. h3 h6 8. Na4
Na5 9. Bb3 Bb6 10. Nxb6 Nxb3 11. axb3 cxb6 12. Be3 Qc7 13. b4 Bd7 14. Qd2 Kh7
15. Ra3 d5 16. exd5 Nxd5 17. c4 Nxe3 18. Qxe3 f6 19. b5 g6 20. Rfa1 e4 21. Qxe4
Rfe8 22. Qh4 g5 23. Qg3 Qxg3 24. fxg3 Re3 25. Rxa7 Rb8 26. d4 Rb3 27. Re1 Kg6
28. g4 Rxb2 29. Re7 Bc8 30. d5 Rb1+ 31. Kf2 Rb2+ 32. Kg3 Rb3 33. d6 Rd3 34. Ra2
Rxd6 35. h4 f5 36. Re8 Kf7 37. Rae2 fxg4 38. R2e7+ Kf6 39. hxg5+ hxg5 40. Ne5
1-0

[Event "18 Torneo San Viator"]
[Site "Madrid ESP"]
[Date "2012.05.06"]
[Round "5.11"]
[White "Fernandez Garcia, Javier"]
[Black "Carballido Mateo, Ignacio"]
[Result "1-0"]
[WhiteElo "2006"]
[BlackElo "1395"]
[PlyCount "55"]
[EventDate "2012.03.25"]
[EventType "swiss"]
[EventRounds "9"]
[EventCountry "ESP"]
[Source "lmi"]
[SourceDate "2012.03.25"]

1. d4 c5 2. d5 b5 3. e4 Qb6 4. Nf3 d6 5. Nbd2 g6 6. a4 b4 7. Nc4 Qc7 8. Bd3 Bg7
9. O-O Nd7 10. Re1 Ngf6 11. e5 Nxd5 12. exd6 Qd8 13. Be4 e5 14. Bxd5 Rb8 15.
Nfxe5 Nxe5 16. Nxe5 O-O 17. Nc6 Qb6 18. a5 Qb5 19. Nxb8 Qxb8 20. Bc6 Rd8 21. d7
Bxd7 22. Bxd7 Qc7 23. Re8+ Bf8 24. Rxd8 Qxd8 25. Be3 Be7 26. Qd5 Qc7 27. Bh6
Bd6 28. Qa8+ 1-0

[Event "18 Torneo San Viator"]
[Site "Madrid ESP"]
[Date "2012.05.06"]
[Round "5.14"]
[White "Yaniz Lana, Francisco Javier"]
[Black "Lobato Rivero, Carlos"]
[Result "0-1"]
[WhiteElo "1664"]
[BlackElo "1958"]
[PlyCount "58"]
[EventDate "2012.03.25"]
[EventType "swiss"]
[EventRounds "9"]
[EventCountry "ESP"]
[Source "lmi"]
[SourceDate "2012.03.25"]

1. d4 Nf6 2. Bf4 g6 3. e3 Bg7 4. Nf3 c5 5. c3 O-O 6. Be2 b6 7. O-O d6 8. h3 Bb7
9. a4 Nbd7 10. Nbd2 Nd5 11. Bh2 h6 12. Qc2 Rc8 13. Bc4 cxd4 14. Nxd4 a6 15. Qb3
Nc5 16. Qa2 Nf6 17. b4 Nce4 18. Nxe4 Nxe4 19. Rfc1 d5 20. Bd3 e5 21. Ne2 Qh4
22. Bg3 Nxg3 23. Nxg3 e4 24. Be2 Bxc3 25. Rab1 d4 26. exd4 Bxd4 27. Bg4 Rxc1+
28. Rxc1 Qxg3 29. Rc7 Qxc7 0-1

[Event "18 Torneo San Viator"]
[Site "Madrid ESP"]
[Date "2012.05.06"]
[Round "5.15"]
[White "Rodriguez Varela, Alvaro"]
[Black "Barahona Torrijos, Angel"]
[Result "0-1"]
[WhiteElo "1751"]
[BlackElo "1904"]
[PlyCount "64"]
[EventDate "2012.03.25"]
[EventType "swiss"]
[EventRounds "9"]
[EventCountry "ESP"]
[Source "lmi"]
[SourceDate "2012.03.25"]

1. e4 e5 2. Nf3 Nc6 3. d4 exd4 4. Bc4 Nf6 5. O-O Bc5 6. e5 d5 7. exd6 Qxd6 8.
Re1+ Kf8 9. Bg5 Be6 10. Bxe6 fxe6 11. Qe2 Re8 12. Nbd2 Bb4 13. Bxf6 gxf6 14.
Ne4 Qe7 15. Red1 e5 16. Nh4 Qf7 17. Qf3 Re6 18. Rd3 Be7 19. Nf5 h5 20. Qh3 Nb4
21. Rg3 Rh7 22. Rb3 c5 23. a3 c4 24. Rf3 Nd5 25. g3 Qg6 26. Re1 Nf4 27. Qf1
Qxf5 28. gxf4 exf4 29. Nd2 Qg4+ 30. Kh1 Rxe1 31. Qxe1 Rg7 32. Qf1 b5 0-1

[Event "18 Torneo San Viator"]
[Site "Madrid ESP"]
[Date "2012.05.06"]
[Round "5.16"]
[White "Garcia Otero, Pedro"]
[Black "Navarro Fernandez, Miguel"]
[Result "1-0"]
[WhiteElo "1701"]
[BlackElo "1863"]
[PlyCount "67"]
[EventDate "2012.03.25"]
[EventType "swiss"]
[EventRounds "9"]
[EventCountry "ESP"]
[Source "lmi"]
[SourceDate "2012.03.25"]

1. d4 Nf6 2. Bf4 g6 3. Nf3 Bg7 4. e3 d6 5. h3 O-O 6. c4 c5 7. Nc3 cxd4 8. exd4
Re8 9. Be2 Nbd7 10. O-O b6 11. Re1 Bb7 12. d5 Rc8 13. Rc1 Nh5 14. Bh2 Bh6 15.
Rc2 Nf4 16. b3 Nxe2+ 17. Rcxe2 Bg7 18. Nb5 Nf6 19. Nfd4 a6 20. Na7 Rc7 21. Nac6
Bxc6 22. Nxc6 Rxc6 23. dxc6 Qc7 24. Bxd6 Qxc6 25. Bxe7 Nh5 26. Qd6 Rc8 27. Qxc6
Rxc6 28. Bb4 Bd4 29. Rd1 Bf6 30. Re8+ Kg7 31. Bf8+ Kg8 32. Rd6 Rxd6 33. Bxd6+
Kg7 34. g4 1-0

[Event "18 Torneo San Viator"]
[Site "Madrid ESP"]
[Date "2012.05.06"]
[Round "5.18"]
[White "Cabanas Bravo, Juan Andres"]
[Black "Sierra Bermejo, Gregorio"]
[Result "1-0"]
[WhiteElo "2092"]
[BlackElo "1677"]
[PlyCount "73"]
[EventDate "2012.03.25"]
[EventType "swiss"]
[EventRounds "9"]
[EventCountry "ESP"]
[Source "lmi"]
[SourceDate "2012.03.25"]

1. e4 c5 2. Nf3 Nf6 3. e5 Nd5 4. d4 e6 5. c4 Nb6 6. d5 d6 7. Bg5 Qc7 8. Nc3 a6
9. a4 dxe5 10. a5 N6d7 11. dxe6 fxe6 12. Bd3 Nc6 13. Nh4 Nf6 14. O-O Qf7 15. f4
Be7 16. Qe2 exf4 17. Rxf4 Nd4 18. Qe5 O-O 19. Raf1 Nc6 20. Qe3 Nd4 21. Ne4 e5
22. Nxf6+ gxf6 23. R4f2 Qh5 24. Bh6 Rf7 25. Nf5 Bxf5 26. Bxf5 Bf8 27. Bxf8
Raxf8 28. Be4 Kg7 29. Bd5 Re7 30. Qa3 Rc7 31. Qg3+ Kh8 32. Qe3 Rg7 33. Rxf6
Rxf6 34. Rxf6 Qd1+ 35. Rf1 Ne2+ 36. Qxe2 Qxe2 37. Rf8+ 1-0

[Event "18 Torneo San Viator"]
[Site "Madrid ESP"]
[Date "2012.05.06"]
[Round "5.19"]
[White "Gutierrez Sanchez, Fernando"]
[Black "Moreno Sanchez, Guillermo"]
[Result "1-0"]
[WhiteElo "1929"]
[BlackElo "1649"]
[PlyCount "55"]
[EventDate "2012.03.25"]
[EventType "swiss"]
[EventRounds "9"]
[EventCountry "ESP"]
[Source "lmi"]
[SourceDate "2012.03.25"]

1. d4 d5 2. c4 e6 3. Nc3 Nf6 4. Bg5 Nbd7 5. cxd5 exd5 6. e3 Be7 7. Bd3 c6 8.
Qc2 O-O 9. Nf3 Re8 10. O-O h6 11. Bh4 Qc7 12. Rab1 Bd6 13. b4 a6 14. Rfc1 g5
15. Bg3 Bxg3 16. hxg3 Qd6 17. a4 Ng4 18. b5 axb5 19. axb5 Ndf6 20. bxc6 bxc6
21. Rb6 Nd7 22. Nb5 Qb4 23. Rxc6 Nxe3 24. fxe3 Rxe3 25. Rxc8+ Rxc8 26. Qxc8+
Nf8 27. Qf5 Qb2 28. Rc8 1-0

[Event "18 Torneo San Viator"]
[Site "Madrid ESP"]
[Date "2012.05.06"]
[Round "5.20"]
[White "Gil Calvente, Jose Antonio"]
[Black "Padin Lazaro, Jose Manuel"]
[Result "0-1"]
[WhiteElo "1677"]
[BlackElo "1799"]
[PlyCount "44"]
[EventDate "2012.03.25"]
[EventType "swiss"]
[EventRounds "9"]
[EventCountry "ESP"]
[Source "lmi"]
[SourceDate "2012.03.25"]

1. e4 e6 2. d4 d5 3. Nc3 Nf6 4. e5 Nfd7 5. Nf3 c5 6. a3 Nc6 7. Ne2 cxd4 8.
Nexd4 Ndxe5 9. Nxe5 Nxe5 10. Bf4 Nc6 11. Nb5 e5 12. Bg3 a6 13. Nc3 Be6 14. Be2
Be7 15. h4 O-O 16. Bg4 f5 17. Bh5 d4 18. Qe2 dxc3 19. bxc3 Qa5 20. Qe3 f4 21.
Bxf4 Rxf4 22. g3 Bc5 0-1